On.point, Americas research (Record no. 110302)

MARC details
000 -LEADER
fixed length control field 01030cad a22002295a 4500
001 - CONTROL NUMBER
control field E148955
008 - FIXED-LENGTH DATA ELEMENTS--GENERAL INFORMATION
fixed length control field 091203s2009 xxu f 000 0 eng d
035 ## - SYSTEM CONTROL NUMBER
System control number (Sirsi) u148955
041 0# - LANGUAGE CODE
Language code of text/sound track or separate title eng
050 04 - LIBRARY OF CONGRESS CALL NUMBER
Classification number 333.33 $2 18
110 2# - MAIN ENTRY--CORPORATE NAME
Corporate name or jurisdiction name as entry element Jones Lang LaSalle
9 (RLIN) 3755
245 00 - TITLE STATEMENT
Title On.point, Americas research
Remainder of title North America occupier report Q3 2009
Medium [electronic resource]
260 ## - PUBLICATION, DISTRIBUTION, ETC.
Place of publication, distribution, etc. [S.l.]
Name of publisher, distributor, etc. Jones Lang Lasalle
Date of publication, distribution, etc. 2009
490 #0 - SERIES STATEMENT
Series statement On.Point
-- Americas Research
520 ## - SUMMARY, ETC.
Summary, etc. Suggests that although the rise in unemployment has slowed, the labour market remains weak, and this will have a negative impact on rents and vacancy rates in 2010. This offers opportunities for occupiers to reduce costs or improve the quality of their accommodation.
521 ## - TARGET AUDIENCE NOTE
Target audience note Advanced
590 ## - LOCAL NOTE (RLIN)
Local note KA
651 #4 - SUBJECT ADDED ENTRY--GEOGRAPHIC NAME
Geographic name United States
Chronological subdivision 1959-
690 ## - LOCAL SUBJECT ADDED ENTRY--TOPICAL TERM (OCLC, RLIN)
Topical term or geographic name as entry element PROPERTY-COMMERCIAL PROPERTY-COMMERCIAL PROPERTY MARKET
856 40 - ELECTRONIC LOCATION AND ACCESS
Uniform Resource Identifier <a href="https://www.us.am.joneslanglasalle.com">https://www.us.am.joneslanglasalle.com</a>
Public note View the report free of charge at www.us.am.joneslanglasalle.com...
942 ## - ADDED ENTRY ELEMENTS (KOHA)
Suppress in OPAC 0
Holdings
Withdrawn status Lost status Source of classification or shelving scheme Damaged status Not for loan Home library Current library Shelving location Date acquired Total Checkouts Full call number Barcode Date last seen Copy number Price effective from Koha item type
    Dewey Decimal Classification     Virtual Virtual Online 03/12/2009   ONLINE PUBLICATION 148955-2001 06/08/2019 1 06/08/2019 Book